Word Ladder: Winter Quiz Stats

 Plays Quiz Updated Jan 19, 2015

Challenge
Share
Tweet
Embed
Score 0/45 Timer 04:00
0 Plays Today
Hint 4-Letter Word % Correct
* Black rock burnt for heat and energy *COAL
98.1%
* Sheep product used to keep warm *WOOL
97.5%
* Song: Baby It's ---- Outside *COLD
97.3%
* Opposite of warm *COOL
95.5%
Noise made by owlHOOT
95.4%
Body part above the neckHEAD
94.5%
* ---- Stove; tree product burnt for heat *WOOD
94.4%
* Snowmen will, eventually, ---- *MELT
94%
* Outer garment that covers the torso and arms *COAT
93.7%
* Footwear covering the foot and ankle *BOOT
93.5%
* Coat or cloak part covering the head and neck *HOOD
93%
Water transportBOAT
92.2%
* To warm (an area/house) *HEAT
92.1%
Crease a piece of paperFOLD
91.9%
Not thisTHAT
91.5%
Alcoholic drink made from fermented grape juiceWINE
91.5%
* Method of heating in caveman times *FIRE
91.3%
Money paid as a penalty for an offenseFINE
90.7%
Talk in a friendly, informal wayCHAT
90.6%
* Air movement *WIND
90%
Discover after a deliberate searchFIND
89%
* Character: ---- Frost *JACK
88.1%
* Garment for the foot *SOCK
87.5%
Hint 4-Letter Word % Correct
Golf cryFORE
86.8%
Young male horseCOLT
85.7%
The moon will wax and ----WANE
84.9%
Nib of a baby's bottleTEAT
84.3%
Alcoholic drink of fermented honey and waterMEAD
84.3%
* Lose one's footing on ice *SLIP
83.8%
Substance used for washingSOAP
83.5%
Native Irish or ScotsmanCELT
82.8%
Immerse in water for a timeSOAK
82.7%
Strike with the handSLAP
82.6%
Gung-ho athleteJOCK
81.7%
Blend, combineMELD
81.4%
Be without, or deficient inLACK
80.3%
Shallow place in a river or streamFORD
80.2%
* Toboggan *SLED
79.8%
* Frozen water falling from the sky *SNOW
79.3%
Garden storage structureSHED
78.6%
Moved smoothly along a surfaceSLID
78.2%
* Santa Claus comes down Santa Claus ---- *LANE
78.2%
TV programSHOW
77.6%
Open fabric of cotton or silkLACE
73%
Fit a horse with a shoeSHOD
71.2%

Today's Daily Dose

Missing Word
Biopics

Word Ladder
Food Idioms

Quick Pick
Diets

On This Day
December 18th II

You're not logged in!

Compare scores with friends on all Sporcle quizzes.
OR
Log In

You Might Also Like...

Show Comments

Extras

Top Quizzes Today


Score Distribution

Your Account Isn't Verified!

In order to create a playlist on Sporcle, you need to verify the email address you used during registration. Go to your Sporcle Settings to finish the process.

Report this User

Report this user for behavior that violates our Community Guidelines.

Details: